2025 MLB Offseason - Statistics

General Stats
  • This quiz has been taken 314 times
  • The average score is 24 of 43
Answer Stats
Team PO Player % Correct
FA Mets 1B Pete Alonso
92%
FA Giants SS Willy Adames
89%
FA D-Backs SP Corbin Burnes
84%
FA Red Sox 3B Alex Bregman
82%
TR Red Sox SP Garrett Crochet
81%
TR Cubs OF Kyle Tucker
72%
FA Yankees 1B Paul Goldschmidt
72%
FA Astros 1B Christian Walker
70%
TR Yankees OF Cody Bellinger
68%
FA Yankees SP Max Fried
67%
FA Mets OF Juan Soto
66%
FA Dodgers SP Blake Snell
64%
TR Yankees RP Devin Williams
62%
FA Athletics SP Luis Severino
59%
FA Blue Jays OF Anthony Santander
58%
TR Royals 2B Jonathan India
58%
TR D-Backs 1B Josh Naylor
58%
FA Dodgers OF Teoscar Hernandez
58%
FA Dodgers SP Roki Sasaki
57%
FA Red Sox SP Walker Beuhler
56%
FA Tigers 2B Gleyber Torres
55%
TR Brewers SP Nestor Cortes Jr.
54%
FA Giants SP Justin Verlander
53%
TR Blue Jays 2B Andres Gimenez
52%
FA Tigers SP Jack Flaherty
52%
TR Nationals 1B Nathaniel Lowe
52%
TR Reds 2B Gavin Lux
50%
FA Braves OF Jurickson Profar
50%
FA Dodgers RP Tanner Scott
47%
TR Phillies SP Jesús Luzardo
45%
FA Rangers DH Joc Pederson
45%
FA Orioles OF Tyler O'Neill
44%
TR Rangers 3B Jake Burger
43%
FA Mets LRP Clay Holmes
42%
TR Cubs RP Ryan Pressly
42%
TR Reds SP Brady Singer
41%
FA Blue Jays RP Jeff Hoffman
41%
FA Mets SP Sean Manaea
40%
FA Rangers SP Nathan Eovaldi
39%
TR Astros 3B Isaac Parades
35%
FA Cubs SP Matthew Boyd
34%
FA Mets SP Frankie Montas
29%
TR Rangers RP Robert Garcia
25%
No matching quizzes found
Score Distribution
Percent of People with Each Score
Percentile by Number Answered
Your Score History
You have not taken this quiz